Structure and reproduction of the Algae; VI (Record no. 351488)

MARC details
000 -LEADER
fixed length control field 002990000a22001330004500
060 ## - NATIONAL LIBRARY OF MEDICINE CALL NUMBER
Classification number 100
100 ## - MAIN ENTRY--PERSONAL NAME
Personal name Fritsch
245 ## - TITLE STATEMENT
Title Structure and reproduction of the Algae; VI
260 ## - PUBLICATION, DISTRIBUTION, ETC. (IMPRINT)
Place of publication, distribution, etc. London, Cambridge University Press
260 ## - PUBLICATION, DISTRIBUTION, ETC. (IMPRINT)
Date of publication, distribution, etc. 1965
300 ## - PHYSICAL DESCRIPTION
Extent XVII+791
650 ## - SUBJECT ADDED ENTRY--TOPICAL TERM
Topical term or geographic name as entry element Algae
942 ## - ADDED ENTRY ELEMENTS (KOHA)
Koha item type Books (General)
Holdings
Withdrawn status Lost status Damaged status Not for loan Home library Current library Date acquired Total Checkouts Barcode Date last seen Price effective from Koha item type
        College of Agriculture, Vellayani College of Agriculture, Vellayani 02/05/2014   KAU_COAV-7072 A 02/05/2014 02/05/2014 Books (General)
Kerala Agricultural University Central Library
Thrissur-(Dt.), Kerala Pin:- 680656, India
Ph : (+91)(487) 2372219
E-mail: librarian@kau.in
Website: http://library.kau.in/